00494 a2200121 4500001001000000005001700010008004100027245015200068100001900220700002000239773009600259999001700355ART_2404620260410161933.0260409a 10aCreación de empresas, crecimiento en la productividad y cambio estructural como respuesta a una modificación en la política macroeconómica.1 aKatz, Jorge M.1 aBernat, Gonzalo0 tRevista de Economía Política de Buenos Airesg- Año 5, Nº 9/10 (nov. 2011)wREV23982 c28814d28814